NLSUI OPAC header image

New perspectives on historical writing / (Record no. 213047)

MARC details
000 -LEADER
fixed length control field 02351cam a2200277 a 4500
001 - CONTROL NUMBER
control field 12149229
005 - DATE AND TIME OF LATEST TRANSACTION
control field 20241126124908.0
008 - FIXED-LENGTH DATA ELEMENTS--GENERAL INFORMATION
fixed length control field 000821s2001 pau b 001 0 eng
010 ## - LIBRARY OF CONGRESS CONTROL NUMBER
LC control number 00064976
020 ## - INTERNATIONAL STANDARD BOOK NUMBER
International Standard Book Number 0745624286 (paperback)
020 ## - INTERNATIONAL STANDARD BOOK NUMBER
International Standard Book Number 9780745624280 (paperback)
040 ## - CATALOGING SOURCE
Original cataloging agency DLC
Transcribing agency DLC
Modifying agency DLC
050 00 - LIBRARY OF CONGRESS CALL NUMBER
Classification number D13
Item number .N45 2001
082 00 - DEWEY DECIMAL CLASSIFICATION NUMBER
Classification number 907.2
Edition number 21
245 00 - TITLE STATEMENT
Title New perspectives on historical writing /
Statement of responsibility, etc. edited by Peter Burke.
250 ## - EDITION STATEMENT
Edition statement 2nd ed.
260 ## - PUBLICATION, DISTRIBUTION, ETC.
Place of publication, distribution, etc. University Park, Pa. :
Name of publisher, distributor, etc. Pennsylvania State University Press,
Date of publication, distribution, etc. 2001.
300 ## - PHYSICAL DESCRIPTION
Extent viii, 306 p. ;
Dimensions 24 cm.
365 ## - TRADE PRICE
Price amount Rs. 2621.00
504 ## - BIBLIOGRAPHY, ETC. NOTE
Bibliography, etc. note Includes bibliographical references and index.
505 ## - FORMATTED CONTENTS NOTE
Formatted contents note List of contributors;<br/>Preface;<br/>1 Overture. The New History: Its Past and its Future Peter Burke;<br/>2 History from Below Jim Sharpe;<br/>3 Women’s History Joan W., Scott;<br/>4 Overseas History Henk Wesseling;<br/>5 On Microhistory Giovanni Levi;<br/>6 Oral History Gwyn Prins;<br/>7 History of Reading Robert Darnton;<br/>8 Visual History Ivan Gaskell;<br/>9 History of Political Thought Richard Tuck;<br/>10 History of the Body Reconsidered Roy Porter;<br/>11 Environmental History Richard H. Grove;<br/>12 History of Events and the Revival of Narrative Peter Burke<br/>Index. <br/>
520 ## - SUMMARY, ETC.
Summary, etc. A new edition of this best-selling collection of essays by leading experts on historical methodology.<br/>Since its first publication in 1992, New Perspectives on Historical Writing has become a key reference work used by students and researchers interested in the most important developments in the methodology and practice of history. For this new edition, the book has been thoroughly revised and updated and includes an entirely new chapter on environmental history.<br/>Peter Burke is joined here by a distinguished group of internationally renowned historians, including Robert Darnton, Ivan Gaskell, Richard Grove, Giovanni Levi, Roy Porter, Gwyn Prins, Joan Scott, Jim Sharpe, Richard Tuck, and Henk Wesseling. The contributions examine a wide range of interdisciplinary areas of historical research, including women's history, history "from below," the history of reading, oral history, the history of the body, microhistory, the history of events, the history of images, and political history.
650 #0 - SUBJECT ADDED ENTRY--TOPICAL TERM
Topical term or geographic name entry element Historiography.
700 1# - ADDED ENTRY--PERSONAL NAME
Personal name Burke, Peter,
Dates associated with a name 1937-
942 ## - ADDED ENTRY ELEMENTS (KOHA)
Source of classification or shelving scheme Dewey Decimal Classification
Koha item type BOOKs
Holdings
Withdrawn status Lost status Source of classification or shelving scheme Materials specified (bound volume or other part) Damaged status Not for loan Home library Current library Shelving location Date acquired Source of acquisition Cost, normal purchase price Total Checkouts Full call number Barcode Date last seen Price effective from Koha item type Public note
    Dewey Decimal Classification PB     . . General Stacks 26.11.2024 Purchased - Technical Bureau India 2621.00   907.2 BUK 39917 26.11.2024 26.11.2024 BOOKs Recommended by Mr. Jai Brunner